| 000 | 01383nab a2200229 i 4500 | ||
|---|---|---|---|
| 001 | 768714001 | ||
| 003 | CO-MdFUSB | ||
| 005 | 20240606165910.0 | ||
| 008 | 240606t1979 ag ||||| |||| 00| 0 spa d | ||
| 040 |
_bspa _cCO-MdFUSB _dCO-MdFUSB |
||
| 041 | _aspa | ||
| 100 | 1 |
_aPadilla, C. René _d1932- _eautor |
|
| 245 |
_aTres visiones de la realidad _c/ C. René Padilla |
||
| 520 | _aEsencialmente, cada cosmovisión tiene su propia perspectiva única de la realidad. El mundo occidental estuvo gobernado durante varios siglos por la cosmovisión cristiana, que proviene de la Biblia. Se creía que Dios creó el universo y que el hombre tenía un lugar único en él porque era imagen del Creador. A finales del siglo XVII, esta imagen se desintegró y luego fue reemplazada por una percepción naturalista de la realidad, que gradualmente se convirtió en la posición dominante en los círculos académicos y tuvo repercusiones en el pensamiento de la gente común que vivía en los grandes centros urbanos. | ||
| 630 | 0 | _aCosmovisión Reformada, | |
| 650 | 0 |
_aCristianismo y otras religiones _91247 |
|
| 650 | 7 |
_aDios _9178 |
|
| 650 | 7 |
_aFilosofía _97168 |
|
| 773 | 0 |
_069974 _982719 _dBuenos Aires _oR2611 _tCerteza _w(CO-MdFUSB)768714001 _gNúmero 73, (abril - junio, 1979) páginas: 25 - 27 _qpágina: 25 |
|
| 942 | _cANA | ||
| 945 | _aCatherine Arias Álvarez - Practicante SENA | ||
| 999 |
_c70081 _d70081 |
||